| 000 | 01276cam a2200337 a 4500 | ||
|---|---|---|---|
| 001 | 12327194 | ||
| 003 | NUST - PNEC | ||
| 005 | 20170116181125.0 | ||
| 008 | 010226s2000 enkb b 001 0 eng | ||
| 010 |
_a 2001265765 _z 2001277294 |
||
| 020 | _a0745316913 (pbk.) | ||
| 020 | _a0745316921 (hbk.) | ||
| 040 |
_aDLC _cLIBRARY _dDLC |
||
| 043 |
_an-us--- _aa-af--- |
||
| 050 | 0 | 0 |
_aJZ1480.A57 _bA3 2000 |
| 082 | 0 | 0 | _a958.1045 COO |
| 100 | 1 |
_aCooley, John K., _d1927-2008. |
|
| 245 | 1 | 0 |
_aUnholy wars : _bAfghanistan, America, and international terrorism / _cJohn K. Cooley. |
| 250 | _aNew ed. | ||
| 260 |
_aLondon ; _aSterling, Va. : _bPluto Press, _c2000. |
||
| 300 |
_axiii, 299 p. : _bmaps ; _c23 cm. |
||
| 504 | _aIncludes bibliographical references (p. 263-273) and index. | ||
| 610 | 1 | 0 |
_aUnited States. _bCentral Intelligence Agency. |
| 650 | 0 |
_aEspionage, American _zIslamic countries. _xGeenral |
|
| 650 | 0 | _aTerrorism. | |
| 651 | 0 |
_aUnited States _xForeign relations _zAfghanistan. |
|
| 651 | 0 |
_aAfghanistan _xForeign relations _zUnited States. |
|
| 906 |
_a7 _bcbc _corigcop _d2 _encip _f20 _gy-gencatlg |
||
| 942 |
_2ddc _cBK |
||
| 999 |
_c69718 _d69718 |
||